[Event "Moscow"]
[Site "Moscow"]
[Date "1994.??.??"]
[Round "10"]
[White "Rausis, Igors"]
[Black "Lempert, Igor"]
[Result "1/2-1/2"]
[WhiteElo "2495"]
[BlackElo "2495"]
[PlyCount "31"]
[EventDate "1994.??.??"]
[Source "ChessBase"]

1. d4 d5 2. Nf3 Nf6 3. Bf4 c5 4. e3 cxd4 5. exd4 Nc6 6. c3 Bg4 7. Nbd2 e6 8. Bd3 Bd6 9. Bxd6 Qxd6 10. O-O O-O 11. Qe2 Bh5 12. Rae1 Qc7 13. Qd1 Rab8 14. a4 Bg6 15. Bxg6 hxg6 16. Ne5 1/2-1/2

[Event "Gausdal Int"]
[Site "Gausdal NOR"]
[Date "1988.??.??"]
[Round "?"]
[White "Meduna, Eduard"]
[Black "Inkiov, Ventzislav V"]
[Result "0-1"]
[WhiteElo "2505"]
[BlackElo "2485"]
[PlyCount "86"]
[EventDate "1988.08.??"]
[Source "www.chesslib.no"]
[SourceDate "2004.05.04"]

1. d4 d5 2. Nf3 Nf6 3. Bf4 e6 4. e3 c5 5. Nbd2 Nc6 6. c3 Bd6 7. Bg3 O-O 8. Ne5 cxd4 9. exd4 Bxe5 10. dxe5 Nd7 11. Nf3 Nc5 12. Be2 b6 13. Nd4 Bd7 14. O-O f5 15. exf6 Qxf6 16. Bd6 Rf7 17. f4 Ne4 18. Nxc6 Bxc6 19. Be5 Qh6 20. Rf3 g6 21. Bd3 Qf8 22. Qe2 Qc5+ 23. Bd4 Qd6 24. Raf1 Raf8 25. Be5 Qc5+ 26. Kh1 Rf5 27. Bd4 Qd6 28. Qe3 R5f7 29. Kg1 Bb7 30. Be5 Qc5 31. Bd4 Qd6 32. h4 h5 33. Be5 Qc5 34. Rd1 Kh7 35. Bd4 Qe7 36. g3 e5 37. Bxe5 Qxe5 38. fxe5 Rxf3 39. Qd4 Rxg3+ 40. Kh2 Rf2+ 41. Kh1 Rf4 42. Rd2 Rxh4+ 43. Rh2 Nf2+ 0-1